书目信息 |
| 题名: |
大众传媒的价值影响与青少年德育
|
|
| 作者: | 檀传宝, 撰稿 | |
| 分册: | ||
| 出版信息: | 福州 福建教育出版社 2011.01 |
|
| 页数: | 230页 | |
| 开本: | 24cm | |
| 丛书名: | “当代中国德育问题研究”丛书 | |
| 单 册: | ||
| 中图分类: | D432.62 | |
| 科图分类: | ||
| 主题词: | 大众传播--da zhong chuan bo--大众媒介--影响--青少年--思想政治教育 | |
| 电子资源: | ||
| ISBN: | 978-7-5334-4116-6 | |
| 000 | 01048nam 2200289 450 | |
| 001 | CAL 012005100876 | |
| 005 | 20111230175011.40 | |
| 010 | @a978-7-5334-4116-6@dCNY29.80 | |
| 099 | @aCAL 012005100876 | |
| 100 | @a20050920d2011 ekmy0chiy0121 ea | |
| 101 | 0 | @achi |
| 102 | @aCN@b350000 | |
| 105 | @ak a 000yy | |
| 200 | 1 | @a大众传媒的价值影响与青少年德育@Ada zhong chuan mei de jie zhi ying xiang yu qing shao nian de yu@f檀传宝 ... [等] 撰稿 |
| 205 | @a第2版 | |
| 210 | @a福州@c福建教育出版社@d2011.01 | |
| 215 | @a230页@d24cm | |
| 225 | 0 | @a“当代中国德育问题研究”丛书@A“ dang dai zhong guo de yu wen ti yan jiu ” cong shu |
| 300 | @a北京师范大学公民与道德教育研究中心组织研究 | |
| 320 | @a有书目 | |
| 410 | 0 | @12001 @a当代中国德育问题研究丛书 |
| 606 | 0 | @a大众传播@Ada zhong chuan bo@x大众媒介@x影响@x青少年@x思想政治教育 |
| 690 | @aD432.62@v4 | |
| 701 | 0 | @a檀传宝,@ATan Chuanbao@f1962-@4撰稿@3CAL n2004143942#@7jt0yjt0y@7ec0yec0y |
| 801 | 0 | @aCN@bPUL@c20111230 |
| 905 | @aZUCC@dD432.62@eT152=2@f3 | |
| 998 | @aPUL | |
| 大众传媒的价值影响与青少年德育/檀传宝 ... [等] 撰稿.-第2版.-福州:福建教育出版社,2011.01 |
| 230页;24cm.-(“当代中国德育问题研究”丛书) |
| 北京师范大学公民与道德教育研究中心组织研究 |
| ISBN 978-7-5334-4116-6:CNY29.80 |
| ● |
| 相关链接 |
|
|
|
正题名:大众传媒的价值影响与青少年德育
索取号:D432.62/T152=2
 
预约/预借
| 序号 | 登录号 | 条形码 | 馆藏地/架位号 | 状态 | 备注 |
| 1 | 1190275 | 211902752 | 社科库509/509社科库 70排5列5层/ [索取号:D432.62/T152=2] | 在馆 | |
| 2 | 1190276 | 211902761 | 社科库509/509社科库 70排5列5层/ [索取号:D432.62/T152=2] | 在馆 | |
| 3 | 1190277 | 211902770 | 社科库509/509社科库 70排5列5层/ [索取号:D432.62/T152=2] | 在馆 |